La casa de Jampol /

Uloženo v:
Podrobná bibliografie
Hlavní autor: Singer, Isaac Bashevis (autor)
Další autoři: Bosch, Andrés (traducción) (traducción)
Médium: Kniha
Jazyk:španělština
Vydáno: Barcelona, España : Debate, 2003, c2003
Edice:(Narrativa Debate)
Témata:
Tagy: Přidat tag
Žádné tagy, Buďte první, kdo vytvoří štítek k tomuto záznamu!

MARC

LEADER 00000nam^a2200000^a^4500
001 000154383
005 20250521000000.0
009 20260310100351.227
020 |a 84-8306-528-2 
037 |a Acervo ITESO - Biblioteca 
041 |a ESP 
082 |a 839. 09  |b SIN 
100 |a Singer, Isaac Bashevis  |e (autor) 
240 1 4 |a [La casa de Jampol] 
245 1 3 |a La casa de Jampol /  |c I.B. Singer ; tr. por A. Bosch. 
264 4 |a Barcelona, España :  |b Debate,  |c 2003, c2003 
300 |a 509 p. 
336 |a texto  |b txt  |2 rdacontenido 
337 |a sin mediación  |b n  |2 rdamedio 
338 |a volumen  |b nc  |2 rdasoporte 
440 1 |a (Narrativa Debate) 
500 |a Traducción de: The Manor 
545 0 |a El polaco Isaac Bashevis Singer (Leoncin, 1904, antigua Polonia del Congreso – Miami, 1991) es el más conocido y quizá también el más importante representante de la literatura yiddish. Formado primero en el Talmud y luego en los grandes clásicos de la filosofía y la literatura, comenzó como periodista en la revista Literarische Bletter. Singer anticipó el ascenso del nazismo y emigró a Estados Unidos en 1935, donde desarrolla una obra que nunca ha renunciado a su lengua materna, como tampoco a los referentes polacos. En ella se deja ver el mundo mágico de la narrativa tradicional judía, pero también la ironía y la visión crítica respecto de la vida de los judíos de Polonia. Premio Nobel de Literatura en 1978, algunas de sus obras son: Satán en Goray (1935), El mago de Lublin (1960), Una boda en Brownsville (1964), En el tribunal de mi padre (1966), La casa de Jampol (1967), Cuentos judíos de la aldea de Chelm (1973), Shosha (1978), Golem, el coloso de barro (1982), Amor y exilio (1984) y Meshugah (1994), publicada póstumamente. 
586 |a Premio Nobel de Literatura 1978 
649 |a XX 
650 |a Judíos en Polonia 
650 |a Novela Yiddish 
650 |a Novela Judía 
650 |a Novela Norteamericana 
650 |a Literatura Yiddish -  |y Siglo XX 
650 |a Literatura Judía -  |y Siglo XX 
650 |a Literatura Norteamericana -  |y Siglo XX 
650 |a Polonia en la Literatura 
650 |a Polonia -  |x Historia -  |y Siglo XIX 
650 |a Polonia -  |x Historia -  |y Siglo XX 
700 |a Bosch, Andrés  |e (traducción) 
910 |a Fondo General 
920 |a Impresos - Libros 
930 |a Colección General 
940 |a Literatura 
905 |a 101 
901 |a 0500085907  |b IT1  |c LIT  |u 20250521 
902 |a https://opac.biblio.iteso.mx/vufind/Record/000154383